| 000 | 00415nam a22001457a 4500 | ||
|---|---|---|---|
| 020 | _a0-446-67165-7 | ||
| 082 |
_a370 _bSMI/M |
||
| 100 | _aSMITH, MARGUERITE | ||
| 245 | _aPAYING FOR YOUR CHILD'S COLLEGE EDUCATION | ||
| 260 |
_aNEW YORK _bWARNER BOOKS _c1996 |
||
| 300 | _a162 | ||
| 520 | _aTHE GUIDE THAT MAKES THE "IMPOSSIBLE DREAM" COME TRUE | ||
| 650 |
_aPERSONAL FINANCIAL PLANNING _zUNITED STATES |
||
| 942 | _cBK | ||
| 999 |
_c5394 _d5394 |
||